ბათუმის შოთა რუსთაველის სახელმწიფო უნივერსიტეტის ბიბლიოთეკა

ფუძეები და საძირკვლები : (ბიბ.ჩანაწერი № 39611)

000 -ლიდერი
ფიქსირებული სიგრძის საკონტროლო ველი 01474nam a2200277Ia 4500
001 - საკონტროლო ნომერი
საკონტროლო ველი 6211
003 - საკონტროლო ნომრის იდენტიფიკატორი
საკონტროლო ველი GE_BSU
005 - ბოლო ოპერაციის თარიღი და დრო
საკონტროლო ველი 20190428225935.0
008 - ფიქსირებული სიგრძის მონაცემთა ელემენტები - ზოგადი ინფორმაცია
ფიქსირებული სიგრძის საკონტროლო ველი 181216s1983||||ge |||||||||||||| ||geo||
040 ## - კატალოგიზაციის წყარო
Transcribing agency GE_BSU
041 ## - ენის კოდი
Language code of text/sound track or separate title geo
080 ## - უნივერსალური ათობითი კლასიფიკაციის ინდექსი
Universal Decimal Classification number 624.15(075.32) დ-77
100 ## - მთავარი ჩანაწერი - პიროვნების სახელი
Personal name დოროშკევიჩი, ნ.
9 (RLIN) 518
245 ## - ცნობა სათაურის შესახებ
Title ფუძეები და საძირკვლები :
Remainder of title სახელმძღვ. /
Statement of responsibility, etc ნ. დოროშკევიჩი, გ. კლეინი, პ. სმირენკინი ; მთარგმნ. ნ.ჯაფარიძე, ვ.კაკაბაძე ; რედ. პ.ლაბარტყავა.
250 ## - გამოცემის ცნობა
Edition statement თარგმანი გადამუშ. მე-4 რუსული გამოც-დან.
264 ## - წარმოების, გამოცემის, დისტრიბუციის და სხვა ცნობები
გამოცემის, წარმოების, დისტრიბუციის... ადგილი თბილისი :
გამოცემის, წარმოების, დისტრიბუციის... სახელწოდება განათლება
გამოცემის, წარმოების, დისტრიბუციის... თარიღი 1983.
300 ## - ფიზიკური აღწერა
Extent 292გვ.:
Other physical details ილ. ;
Dimensions 22 სმ.
504 ## - BIBLIOGRAPHY, ETC. NOTE
Bibliography, etc ბიბლიოგრ. : გვ. 289-290.
653 ## - INDEX TERM--UNCONTROLLED
Uncontrolled term ფუძეები და საძირკვლები
700 ## - ADDED ENTRY--PERSONAL NAME
Personal name კლეინი. გ.
Relator term ავტორი
9 (RLIN) 519
700 ## - ADDED ENTRY--PERSONAL NAME
Personal name სმირენკინი, პ.
Relator term ავტორი
9 (RLIN) 520
700 ## - ADDED ENTRY--PERSONAL NAME
Personal name ჯაფარიძე,ნ.
Relator term მთარგმნელი
9 (RLIN) 521
700 ## - ADDED ENTRY--PERSONAL NAME
Personal name კაკაბაძე, ვ.
Relator term მთარგმნელი
9 (RLIN) 522
700 ## - ADDED ENTRY--PERSONAL NAME
Personal name ლაბარტყავა, პ.
Relator term რედაქტორი
9 (RLIN) 523
942 ## - ADDED ENTRY ELEMENTS (KOHA)
Koha item type წიგნი
Source of classification or shelving scheme
ეგზემპლარები
ჩამოწერის სტატუსი დაკარგული ეგზემპლარის სტატუსი კლასიფიკაციის წყარო ან თაროზე გაწყობის სქემა დაზიანების სტატუსი არ გაიცემა მუდმივი მდებარეობა (დაცვის ადგილი) ამჟამინდელი ადგილსამყოფელი თაროზე განთავსების ადგილი შეძენის თარიღი ღირებულება, შესყიდვის ნორმალური ფასი სრული შენახვის შიფრი შტრიხკოდი ბოლო ოპერაციის თარიღი ეგზემპლარის მიმდევრობითი ნომერი (კეტერი?) ფასის ძალაში შესვლის თარიღი ეგზემპლარის სახეობა საჯარო შენიშვნა
          ბათუმის შოთა რუსთაველის სახელმწიფო უნივერსიტეტის მთავარი ბიბლიოთეკა ტექნოლოგიური ფაკულტეტის ბიბლიოთეკა წიგნსაცავი 2018-12-17 1.40 624.15(075.32) დ-77 11547 2018-12-17 11526 2018-12-17 წიგნი 1.40 ლ.
          ბათუმის შოთა რუსთაველის სახელმწიფო უნივერსიტეტის მთავარი ბიბლიოთეკა ტექნოლოგიური ფაკულტეტის ბიბლიოთეკა წიგნსაცავი 2018-12-17 1.40 624.15(075.32) დ-77 11548 2018-12-17 11548 2018-12-17 წიგნი 1.40 ლ.
          ბათუმის შოთა რუსთაველის სახელმწიფო უნივერსიტეტის მთავარი ბიბლიოთეკა ტექნოლოგიური ფაკულტეტის ბიბლიოთეკა წიგნსაცავი 2018-12-17 1.40 624.15(075.32) დ-77 11549 2018-12-17 11549 2018-12-17 წიგნი 1.40 ლ.